000 005740000a22001690004500
090 _aAR
_b01020
245 1 0 _aDistribution of species richness among families, genera and habits in the flora of Tinigua Nacional park, Colombia
650 1 4 _aDistribución geográfica
_992997
650 1 4 _aRiqueza de especies
_93326
650 1 4 _aUso del habitat
_93825
650 1 4 _aFlora
_992293
651 4 _lParque Nacional Natural Tinigua
_dMeta
_pColombia
_992749
041 0 _aInglés
100 1 _aStevenson, Pablo R.
_994223
942 _cARTICULO
773 1 _tPreprint
_33
_q1-17
_d1995?
999 _c10108
_d10108